<?xml version="1.0" encoding="UTF-8"?>
<collection xmlns="http://www.loc.gov/MARC21/slim">
 <record>
  <leader>01775nam a22002057a 4500</leader>
  <controlfield tag="001">NCT_29543</controlfield>
  <controlfield tag="008">180413b        xxu||||| |||| 00| 0 vie d</controlfield>
  <datafield tag="999" ind1=" " ind2=" ">
   <subfield code="c">1422</subfield>
   <subfield code="d">1422</subfield>
  </datafield>
  <datafield tag="020" ind1=" " ind2=" ">
   <subfield code="c">160000</subfield>
  </datafield>
  <datafield tag="082" ind1="0" ind2="4">
   <subfield code="2">23rd ed.</subfield>
   <subfield code="a">613.62</subfield>
   <subfield code="b">D523</subfield>
  </datafield>
  <datafield tag="100" ind1="1" ind2=" ">
   <subfield code="a">Khương Văn Duy</subfield>
   <subfield code="e">Chủ biên</subfield>
  </datafield>
  <datafield tag="245" ind1="1" ind2="0">
   <subfield code="a">Sức khỏe nghề nghiệp</subfield>
   <subfield code="b">: Sách đào tạo cử nhân y học</subfield>
   <subfield code="c">Khương Văn Duy</subfield>
  </datafield>
  <datafield tag="260" ind1=" " ind2=" ">
   <subfield code="a">H.</subfield>
   <subfield code="b">Y học</subfield>
   <subfield code="c">2014</subfield>
  </datafield>
  <datafield tag="300" ind1=" " ind2=" ">
   <subfield code="a">359 tr.</subfield>
   <subfield code="c">27cm</subfield>
  </datafield>
  <datafield tag="500" ind1=" " ind2=" ">
   <subfield code="a">ĐTTS ghi: Trường Đại học Y Hà Nội - bộ môn sức khỏe nghề nghiệp</subfield>
  </datafield>
  <datafield tag="520" ind1=" " ind2=" ">
   <subfield code="a">&quot;Cuốn sách này biên soạn nhằm mục đích chính là giúp cho sinh viên cử nhân y tế công cộng, cử nhân điều dưỡng, cử nhân kỹ thuật y học nắm được những kiến thức cơ bản và hiện đại của y tế công cộng. Đồng thời bổ sung những kiến thức phù hợp và đổi mới về sức khỏe nghề nghiệp, đáp ứng được đầu ra của cử nhân y tế công cộng là làm nhiệm vụ theo dõi, giám sát, đánh giá và lập kế hoạch về chăm sóc sức khỏe ban đầu cho người lao động; của cử nhân điều dưỡng và kỹ thuật y học trong công tác theo dõi, dự phòng những tác hại nghề nghiệp liên quan đến công việc mà họ tiếp xúc&quot;</subfield>
  </datafield>
  <datafield tag="653" ind1=" " ind2=" ">
   <subfield code="a">Y đa khoa</subfield>
  </datafield>
  <datafield tag="942" ind1=" " ind2=" ">
   <subfield code="2">ddc</subfield>
   <subfield code="c">BK</subfield>
  </datafield>
  <datafield tag="952" ind1=" " ind2=" ">
   <subfield code="0">0</subfield>
   <subfield code="1">0</subfield>
   <subfield code="2">ddc</subfield>
   <subfield code="4">0</subfield>
   <subfield code="6">613_620000000000000_D523</subfield>
   <subfield code="7">0</subfield>
   <subfield code="9">6880</subfield>
   <subfield code="a">000001</subfield>
   <subfield code="b">000001</subfield>
   <subfield code="d">2018-04-13</subfield>
   <subfield code="o">613.62 D523</subfield>
   <subfield code="p">MD.10934</subfield>
   <subfield code="r">2018-04-13</subfield>
   <subfield code="v">160000.00</subfield>
   <subfield code="w">2018-04-13</subfield>
   <subfield code="y">BK</subfield>
  </datafield>
  <datafield tag="980" ind1=" " ind2=" ">
   <subfield code="a">Thư viện Trường Đại học Nam Cần Thơ</subfield>
  </datafield>
 </record>
</collection>
